000 00303nam a22001337a 4500
008 170822b xxu||||| |||| 00| 0 eng d
020 _a3540122699
041 _aeng
080 _a51
100 _a51
101 _aMAT
245 _aDIFFERENTIAL GEOMETRY FOLIATIONS
_cREINHART.B.L
942 _2udc
_cBK
999 _c24543
_d24543